000 00867nam a2200229Ii 4500
003 JO-AjNU
008 230605s9999||||xx |||||||||||||| ||und||
017 _a1429/258
020 _a978-9960-42-637-2
040 _aJO-AjNU
_bara
_erda
_cJO-AjNU
041 _aara
050 1 4 _aHG4521.H37 2008
100 3 _aالحربي، فهد عوده البلادي,
_eauthor
_930506
245 0 0 _aسوق الاسهم: تصور شامل لحقيقة اسواق المال وكيفية التعامل معها للمتداول المحترف والمتداول البسيط
250 _aط1
264 3 1 _aالرياض: دار طويق للنشر والتوزيع، 2008
300 _a386ص
336 _atext
_btxt
_2rdacontent
337 _aunmediated
_bn
_2rdamedia
338 _avolume
_bnc
_2rdacarrier
650 4 _aالاوراق المالية - الاسهم
_930507
999 _aA12101
_c15669
_d15669